<?xml version='1.0' encoding='UTF-8'?>
  <record xmlns="http://www.loc.gov/MARC21/slim">
    <leader>00000cam a2200000 i 4500</leader>
    <controlfield tag="001">ocm77988826</controlfield>
    <controlfield tag="003">OCoLC</controlfield>
    <controlfield tag="005">20250902142702.4</controlfield>
    <controlfield tag="008">950802s1543    sz            000 0 lat d</controlfield>
    <datafield tag="040" ind1=" " ind2=" ">
      <subfield code="a">HLS</subfield>
      <subfield code="b">eng</subfield>
      <subfield code="e">rda</subfield>
      <subfield code="e">dcrmr</subfield>
      <subfield code="c">HLS</subfield>
      <subfield code="d">N15</subfield>
      <subfield code="d">OCLCO</subfield>
      <subfield code="d">OCLCQ</subfield>
      <subfield code="d">OCLCF</subfield>
      <subfield code="d">OCLCO</subfield>
      <subfield code="d">OCL</subfield>
      <subfield code="d">OCLCQ</subfield>
      <subfield code="d">OCLCO</subfield>
      <subfield code="d">QGJ</subfield>
      <subfield code="d">OCLCQ</subfield>
      <subfield code="d">OCLCO</subfield>
      <subfield code="d">QGJ</subfield>
      <subfield code="d">OCLCA</subfield>
      <subfield code="d">OCLCQ</subfield>
    </datafield>
    <datafield tag="066" ind1=" " ind2=" ">
      <subfield code="c">(S</subfield>
    </datafield>
    <datafield tag="035" ind1=" " ind2=" ">
      <subfield code="a">(OCoLC)77988826</subfield>
    </datafield>
    <datafield tag="041" ind1="1" ind2=" ">
      <subfield code="a">lat</subfield>
      <subfield code="a">grc</subfield>
      <subfield code="h">grc</subfield>
    </datafield>
    <datafield tag="100" ind1="0" ind2=" ">
      <subfield code="a">John</subfield>
      <subfield code="b">VI Cantacuzenus,</subfield>
      <subfield code="c">Emperor of the East,</subfield>
      <subfield code="d">1292-1383,</subfield>
      <subfield code="e">author.</subfield>
      <subfield code="4">aut</subfield>
      <subfield code="1">https://id.oclc.org/worldcat/entity/E39PBJrCcTGbb6xFk9QCwyK68C</subfield>
    </datafield>
    <datafield tag="240" ind1="1" ind2="0">
      <subfield code="a">Contra Mohametem.</subfield>
      <subfield code="l">Latin</subfield>
      <subfield code="s">(Gwalther)</subfield>
    </datafield>
    <datafield tag="245" ind1="1" ind2="0">
      <subfield code="a">Ioannis Cantacuzeni Constantinopolitani regis contra Mahometicam fidem Christiana &amp; orthodoxa assertio, :</subfield>
      <subfield code="b">Graecè conscripta ante annos ferè ducentos, nunc uero Latinitate donata, /</subfield>
      <subfield code="c">Rodolpho Gualthero Tigurino interprete. ; Adiecta est eadem Graecè scripta, in eius linguae ac pietatis studiosorum gratiam.</subfield>
    </datafield>
    <datafield tag="246" ind1="3" ind2="5">
      <subfield code="6">880-01</subfield>
      <subfield code="a">Eusebestatou kai philochristou Basileōs Ioannou tou Kantakouzēnou tou dia tou kai monachikou schematos metonomasthentos Ioasaph Monachou kata tēs tōn sarakēnōn haireseōs Apologiai D. Tou autou kata tou Moameth logoi D</subfield>
    </datafield>
    <datafield tag="246" ind1="3" ind2="3">
      <subfield code="a">Ioannis Cantacvzeni Constantinopolitani regis Contra Mahometicam fidem Christiana et orthodoxa assertio</subfield>
    </datafield>
    <datafield tag="246" ind1="3" ind2="0">
      <subfield code="a">Contra Mahometicam fidem Christiana &amp; orthodoxa assertio</subfield>
    </datafield>
    <datafield tag="264" ind1=" " ind2="1">
      <subfield code="a">Basileae, :</subfield>
      <subfield code="b">Ex officina Ioannis Oporini,</subfield>
      <subfield code="c">Anno salutis M.D.XLIII [1543]</subfield>
    </datafield>
    <datafield tag="300" ind1=" " ind2=" ">
      <subfield code="a">2 volumes in 1 ([6] preliminary leaves, 124, [3] pages ; [5] preliminary leaves, [3]-108 pages, 1 leaf) ;</subfield>
      <subfield code="c">29 cm (folio)</subfield>
    </datafield>
    <datafield tag="336" ind1=" " ind2=" ">
      <subfield code="a">text</subfield>
      <subfield code="b">txt</subfield>
      <subfield code="2">rdacontent</subfield>
    </datafield>
    <datafield tag="337" ind1=" " ind2=" ">
      <subfield code="a">unmediated</subfield>
      <subfield code="b">n</subfield>
      <subfield code="2">rdamedia</subfield>
    </datafield>
    <datafield tag="338" ind1=" " ind2=" ">
      <subfield code="a">volume</subfield>
      <subfield code="b">nc</subfield>
      <subfield code="2">rdacarrier</subfield>
    </datafield>
    <datafield tag="340" ind1=" " ind2=" ">
      <subfield code="m">folio</subfield>
      <subfield code="2">rdabf</subfield>
    </datafield>
    <datafield tag="500" ind1=" " ind2=" ">
      <subfield code="a">Imprint from Latin colophon following the Latin text which reads: "Basileae, ex Officina Ioannis Oporini, anno salutis M.D. XLIII. mense Martio". Colophon of Greek text (transliterated) reads "Etypothe en Basilieia para men toi Nikolaoi Brylingeroi ... [1543]."</subfield>
    </datafield>
    <datafield tag="500" ind1=" " ind2=" ">
      <subfield code="a">Signatures: A⁶ a-k⁶ l⁴ ; *⁴ alpha-theta⁶ iota⁸; iota 8 is blank.</subfield>
    </datafield>
    <datafield tag="500" ind1=" " ind2=" ">
      <subfield code="a">Volume 1 contains the Latin translations; volume 2, with secondary signatures, separate paging, and special title page, contains the Greek text.</subfield>
    </datafield>
    <datafield tag="500" ind1=" " ind2=" ">
      <subfield code="a">Volume 2 with introduction and text criticism by Johann Oporinus.</subfield>
    </datafield>
    <datafield tag="500" ind1=" " ind2=" ">
      <subfield code="a">Volume 2 contains introductions by Giovanni Battista Egnazio and Johannes Cuspianius.</subfield>
    </datafield>
    <datafield tag="500" ind1=" " ind2=" ">
      <subfield code="a">Errors in pagination: after page 85 follow pages 56-65, and then pages 96-124.</subfield>
    </datafield>
    <datafield tag="546" ind1=" " ind2=" ">
      <subfield code="a">Text in Latin and Greek, includes Greek text and Latin translation of John VI Cantacuzenus' Contra Mahometicam Christiana &amp; orthudoxa assertio.</subfield>
    </datafield>
    <datafield tag="500" ind1=" " ind2=" ">
      <subfield code="6">880-02</subfield>
      <subfield code="a">Greek title page reads "Tou Eusebestatou kai philochristou Basileōs Ioannou tou Kantakouzēnou tou dia tou kai monachikou schematos metonomasthentos Ioasaph Monachou kata tēs tōn sarakēnōn haireseōs Apologiai D. Tou autou kata tou Moameth logoi D"</subfield>
    </datafield>
    <datafield tag="500" ind1=" " ind2=" ">
      <subfield code="a">Woodcut printer's device on main title page. Woodcut historiated initials.</subfield>
    </datafield>
    <datafield tag="500" ind1=" " ind2=" ">
      <subfield code="a">With printed marginalia.</subfield>
    </datafield>
    <datafield tag="510" ind1="4" ind2=" ">
      <subfield code="a">Verzeichnis der im deutschen Sprachbereich erschienenen Drucke des 16. Jahrhunderts (VD 16),</subfield>
      <subfield code="c">J 376</subfield>
      <subfield code="u">https://gateway-bayern.de/VD16+J+376</subfield>
    </datafield>
    <datafield tag="510" ind1="4" ind2=" ">
      <subfield code="a">Adams, H.M. Catalogue of books printed on the continent of Europe, 1501-1600, in Cambridge libraries,</subfield>
      <subfield code="c">J261</subfield>
    </datafield>
    <datafield tag="650" ind1=" " ind2="0">
      <subfield code="a">Islam</subfield>
      <subfield code="x">Controversial literature</subfield>
      <subfield code="v">Early works to 1800.</subfield>
    </datafield>
    <datafield tag="650" ind1=" " ind2="0">
      <subfield code="a">Christianity and other religions</subfield>
      <subfield code="x">Islam</subfield>
      <subfield code="v">Early works to 1800.</subfield>
    </datafield>
    <datafield tag="650" ind1=" " ind2="0">
      <subfield code="a">Islam</subfield>
      <subfield code="x">Relations</subfield>
      <subfield code="x">Christianity</subfield>
      <subfield code="v">Early works to 1800.</subfield>
    </datafield>
    <datafield tag="650" ind1=" " ind2="6">
      <subfield code="a">Islam</subfield>
      <subfield code="x">Ouvrages de controverse</subfield>
      <subfield code="v">Ouvrages avant 1800.</subfield>
    </datafield>
    <datafield tag="650" ind1=" " ind2="6">
      <subfield code="a">Christianisme</subfield>
      <subfield code="x">Relations</subfield>
      <subfield code="x">Islam</subfield>
      <subfield code="v">Ouvrages avant 1800.</subfield>
    </datafield>
    <datafield tag="650" ind1=" " ind2="6">
      <subfield code="a">Islam</subfield>
      <subfield code="x">Relations</subfield>
      <subfield code="x">Christianisme</subfield>
      <subfield code="v">Ouvrages avant 1800.</subfield>
    </datafield>
    <datafield tag="700" ind1="0" ind2="2">
      <subfield code="i">Container of (work):</subfield>
      <subfield code="a">John</subfield>
      <subfield code="b">VI Cantacuzenus,</subfield>
      <subfield code="c">Emperor of the East,</subfield>
      <subfield code="d">1292-1383.</subfield>
      <subfield code="t">Contra Mahometem.</subfield>
    </datafield>
    <datafield tag="700" ind1="1" ind2=" ">
      <subfield code="a">Oporinus, Joannes,</subfield>
      <subfield code="d">1507-1568,</subfield>
      <subfield code="e">printer,</subfield>
      <subfield code="e">dedicator.</subfield>
      <subfield code="4">prt</subfield>
      <subfield code="4">dto</subfield>
      <subfield code="1">https://id.oclc.org/worldcat/entity/E39PBJjMFW8PFDM7bqhQkh3xXd</subfield>
    </datafield>
    <datafield tag="700" ind1="1" ind2=" ">
      <subfield code="a">Brylinger, Nikolas,</subfield>
      <subfield code="d">approximately 1515-1565,</subfield>
      <subfield code="e">printer.</subfield>
      <subfield code="4">prt</subfield>
      <subfield code="1">https://id.oclc.org/worldcat/entity/E39PBJmhK36CpFttqfbX9b7WDq</subfield>
    </datafield>
    <datafield tag="700" ind1="1" ind2=" ">
      <subfield code="a">Cousin, Gilbert,</subfield>
      <subfield code="d">1506-1572,</subfield>
      <subfield code="e">dedicatee.</subfield>
      <subfield code="4">dte</subfield>
      <subfield code="1">https://id.oclc.org/worldcat/entity/E39PBJfWTJcjMJ3CGy6xhGx4bd</subfield>
    </datafield>
    <datafield tag="700" ind1="1" ind2=" ">
      <subfield code="a">Cuspinianus, Johannes,</subfield>
      <subfield code="d">1473-1529,</subfield>
      <subfield code="e">author of introduction, etc.</subfield>
      <subfield code="4">aui</subfield>
      <subfield code="1">https://id.oclc.org/worldcat/entity/E39PBJx4qY7dvtkcwwcqrm9v73</subfield>
    </datafield>
    <datafield tag="700" ind1="1" ind2=" ">
      <subfield code="a">Egnazio, Giovanni Battista,</subfield>
      <subfield code="d">approximately 1478-1553,</subfield>
      <subfield code="e">author of introduction, etc.</subfield>
      <subfield code="4">aui</subfield>
      <subfield code="1">https://id.oclc.org/worldcat/entity/E39PBJtH7BdgY3mwMdDg6RKjmd</subfield>
    </datafield>
    <datafield tag="700" ind1="1" ind2=" ">
      <subfield code="a">Gwalther, Rudolf,</subfield>
      <subfield code="d">1519-1586,</subfield>
      <subfield code="e">translator.</subfield>
      <subfield code="4">trl</subfield>
      <subfield code="1">https://id.oclc.org/worldcat/entity/E39PBJrmbbVQdbMvmMptDbRFrq</subfield>
    </datafield>
    <datafield tag="700" ind1="1" ind2=" ">
      <subfield code="a">Draconites, Johannes,</subfield>
      <subfield code="d">1494-1566,</subfield>
      <subfield code="e">dedicatee.</subfield>
      <subfield code="4">dte</subfield>
      <subfield code="1">https://id.oclc.org/worldcat/entity/E39PBJcWpW6MWhwpC7cPvKP84q</subfield>
    </datafield>
    <datafield tag="740" ind1="0" ind2=" ">
      <subfield code="a">Kata tēs tōn Sarakēnōn haireseōs apologiai D</subfield>
    </datafield>
    <datafield tag="740" ind1="4" ind2=" ">
      <subfield code="a">Tou autou kata tou Mōameth logoi D</subfield>
    </datafield>
    <datafield tag="740" ind1="0" ind2=" ">
      <subfield code="a">Contra Mahometem orationes IIII</subfield>
    </datafield>
    <datafield tag="752" ind1=" " ind2=" ">
      <subfield code="a">Switzerland</subfield>
      <subfield code="d">Basel,</subfield>
      <subfield code="e">publication place.</subfield>
      <subfield code="4">pup</subfield>
    </datafield>
    <datafield tag="880" ind1="3" ind2="5">
      <subfield code="6">246-01/(S</subfield>
      <subfield code="a">Ευσεβεστατου και φιλοχριστου βασλιεως Ιοαννου του Καντακουζενου του δια του και μοναχικου σχεματος μετονομασθεντος  Ιωασαφ Μοναχου κατα tης των σαρακηνον αιρεσεως Απολογιαι Δ. Του αυτου κατα του μωαμεΘ λογοι Δ</subfield>
    </datafield>
    <datafield tag="880" ind1=" " ind2=" ">
      <subfield code="6">500-02/(S</subfield>
      <subfield code="a">Greek title page reads: "Του Ευσεβεστατου και φιλοχριστου βασιλεως Ιοαννου του Καντακουζενου του δια του και μοναχικου σχεματος μετονομασθεντος Ιωασαφ Μοναχου κατα της των σαρακηνων αιρεσεως Απολογιαι Δ. Του αυτου κατα του Μωαμεθ λογοι Δ"</subfield>
    </datafield>
    <datafield tag="936" ind1=" " ind2=" ">
      <subfield code="a">BATCHLOAD</subfield>
    </datafield>
  </record>